[Event "Bushehr Lian op 7th"]
[Site "Bushehr"]
[Date "2015.11.12"]
[Round "2"]
[White "Nadimifar, Adnan"]
[Black "Shabankareh, Sadegh"]
[Result "1/2-1/2"]
[WhiteElo "2178"]
[BlackElo "1818"]
[PlyCount "136"]
[EventDate "2015.11.11"]
[EventType "swiss"]
[EventRounds "9"]
[EventCountry "IRI"]
[SourceTitle "CBM 169 Extra"]
[Source "ChessBase"]
[SourceDate "2015.12.18"]
[SourceVersion "1"]
[SourceVersionDate "2015.12.18"]
[SourceQuality "1"]

1. e4 e5 2. Nf3 Nc6 3. Bb5 Nf6 4. 0-0 d6 5. d4 Bd7 6. Nc3 Be7 7. Re1 exd4 8. Nxd4 0-0 9. Bg5 Re8 10. Bxc6 bxc6 11. Qf3 Ng4 12. Bxe7 Qxe7 13. Nf5 Bxf5 14. Qxf5 Nh6 15. Qf4 a5 16. Re3 f6 17. Qh4 Nf7 18. Rae1 a4 19. f4 a3 20. b3 d5 21. Nd1 dxe4 22. Rh3 Qc5+ 23. Ne3 Qc3 24. Qxh7+ Kf8 25. Kf1 f5 26. Nxf5 Qf6 27. Rg3 Ra5 28. Nh4 Ng5 29. Qh8+ Ke7 30. Qh5 Qxf4+ 31. Nf3 Nxf3 32. Qxf3 Qxf3+ 33. gxf3 Kd6 34. Rxg7 Rf8 35. Rg6+ Kd7 36. Rxe4 Rxf3+ 37. Kg2 Rc3 38. Re2 Rac5 39. Rge6 Rxc2 40. Kf3 Rb2 41. Re7+ Kc8 42. h4 Rcc2 43. Rxc2 Rxc2 44. Re2 Rc3+ 45. Kg4 c5 46. h5 c4 47. bxc4 Rxc4+ 48. Kg5 Rb4 49. Re3 Rb2 50. Rxa3 Rg2+ 51. Kf6 Rh2 52. Kg6 Rg2+ 53. Kh7 Kd7 54. h6 Kd6 55. Ra6+ Kd5 56. Rg6 Rxa2 57. Rg5+ Kc4 58. Kg6 c5 59. h7 Ra8 60. Kh6 Rh8 61. Rg8 Rxh7+ 62. Kxh7 Kd3 63. Rd8+ Ke4 64. Re8+ Kd4 65. Kg6 c4 66. Kf5 c3 67. Kf4 Kd3 68. Rd8+ Ke2 1/2-1/2